The Indo-Aryan races : (Record no. 22400)

MARC details
000 -LEADER
fixed length control field 00929cam a2200265 4500
001 - CONTROL NUMBER
control field 787452
003 - CONTROL NUMBER IDENTIFIER
control field BDDh-ASL
005 - DATE AND TIME OF LATEST TRANSACTION
control field 20231015030128.0
008 - FIXED-LENGTH DATA ELEMENTS--GENERAL INFORMATION
fixed length control field 710505r19691916ii b 000 0 eng
010 ## - LIBRARY OF CONGRESS CONTROL NUMBER
LC control number 73907175
040 ## - CATALOGING SOURCE
Original cataloging agency DLC
Transcribing agency DLC
Modifying agency DLC
-- BDDh-ASL
050 00 - LIBRARY OF CONGRESS CALL NUMBER
Classification number GN539
Item number .C48 1969
082 ## - DEWEY DECIMAL CLASSIFICATION NUMBER
Classification number 954
Item number CHI
100 1# - MAIN ENTRY--PERSONAL NAME
Personal name Chanda, Ramaprasad.
245 14 - TITLE STATEMENT
Title The Indo-Aryan races :
Remainder of title a study of the origin of Indo-Aryan people and institutions /
Statement of responsibility, etc. With an introd. by N. N. Bhattacharyya.
260 ## - PUBLICATION, DISTRIBUTION, ETC.
Place of publication, distribution, etc. [Calcutta] :
Name of publisher, distributor, etc. Indian Studies: Past & Present,
Date of publication, distribution, etc. [1969]
300 ## - PHYSICAL DESCRIPTION
Extent xviii, 151 p. :
Dimensions 25 cm.
350 ## - PRICE (NR) (BK AM CF MU VM SE) [OBSOLETE]
Price 20.00
500 ## - GENERAL NOTE
General note "Originally published in 1916 by the Varendra Research Society, Rajsahi, now in East Pakistan."
504 ## - BIBLIOGRAPHY, ETC. NOTE
Bibliography, etc. note Bibliographical footnotes.
650 #0 - SUBJECT ADDED ENTRY--TOPICAL TERM
Topical term or geographic name entry element Indo-Aryans.
710 2# - ADDED ENTRY--CORPORATE NAME
Corporate name or jurisdiction name as entry element Varendra Research Society.
906 ## - LOCAL DATA ELEMENT F, LDF (RLIN)
a 7
b cbc
c orignew
d 4
e ncip
f 19
g y-gencatlg
942 ## - ADDED ENTRY ELEMENTS (KOHA)
Source of classification or shelving scheme Dewey Decimal Classification
Koha item type Books
Holdings
Withdrawn status Lost status Source of classification or shelving scheme Damaged status Not for loan Collection code Home library Current library Shelving location Date acquired Source of acquisition Total Checkouts Full call number Barcode Date last seen Copy number Price effective from Koha item type Public note
    Dewey Decimal Classification     Non-fiction Asiatic Society Library Asiatic Society Library General Stacks 02/27/2021 ASB Library Collections   954 CHI 106632 02/27/2021 C-1 02/27/2021 Books RARE
    Dewey Decimal Classification     Non-fiction Asiatic Society Library Asiatic Society Library General Stacks 02/27/2021 ASB Library Collections   954 CHI 106640 02/27/2021 C-2 02/27/2021 Books RARE

Powered by Koha